| 000 | 01066nam a22003257a 4500 | ||
|---|---|---|---|
| 003 | CHAP | ||
| 005 | 20220329140723.0 | ||
| 008 | 971013s1984 r 00010 d | ||
| 010 | _a56502 | ||
| 011 | _a57474 | ||
| 035 | _a61629 | ||
| 040 | _cCHAP | ||
| 090 | _aFolleto 8507 | ||
| 100 | 0 | 0 |
_aSims, Brian G. _9106514 |
| 245 | _aConceptos y prácticas de cero labranza en maíz para el pequeño agricultor | ||
| 260 |
_aVeracruz, Ver. : _bINIA. Campo Agrícola Experimental Cotaxtla, _c(1984) |
||
| 300 |
_a46 h. _b: ilus. |
||
| 500 | _aFotocopia | ||
| 590 |
_aBATCH-UPD _b10 _c20130110 _lUCH01 _h1117 |
||
| 590 |
_aBATCH-UPD _b10 _c20130410 _lUCH01 _h0707 |
||
| 590 |
_aBATCH-UPD _b10 _c20130914 _lUCH01 _h1712 |
||
| 590 |
_aCONVERSION _b10 _c20130109 _lUCH01 _h1330 |
||
| 650 | 1 | 4 |
_aLabranza cero. _964307 |
| 650 | 1 | 4 |
_aMaíz. _970848 |
| 901 | _aBK | ||
| 942 | _cFOLL | ||
| 949 |
_aFolleto 8507 _bBC _cFOLL _d-132327 _eTS1 _i61629 _si |
||
| 949 |
_aFolleto 8507 _bBC _cFOLL _d-132329 _eTS2 _fc.2 _i61629 _si |
||
| 949 |
_aFolleto 8507 _bBC _cFOLL _d-132331 _eTS2 _fc.3 _i61629 _si |
||
| 999 |
_c56502 _d56502 |
||